书目信息 |
| 题名: |
ASP企业管理系统开发实例
|
|
| 作者: | 吴丽萍 编著 | |
| 分册: | ||
| 出版信息: | 北京 清华大学出版社 2005.5 |
|
| 页数: | 401页 | |
| 开本: | 26cm | |
| 丛书名: | ||
| 单 册: | ||
| 中图分类: | F270.7 , TP393.4 | |
| 科图分类: | ||
| 主题词: | 互连网络--hu lian wang luo--程序设计--应用--企业管理 , 程序设计--cheng xu she ji , 企业管理--qi ye guan li | |
| 电子资源: | ||
| ISBN: | 7-302-10289-9 | |
| 000 | 01075nam0 2200289 45 | |
| 001 | 012005000000 | |
| 005 | 20051207155308.03 | |
| 010 | @a7-302-10289-9@dCNY39.00(含光盘) | |
| 010 | @a7-89494-724-5@b光盘 | |
| 100 | @a20051103d2005 em y0chiy0121 ea | |
| 101 | 0 | @achi |
| 102 | @aCN@b110000 | |
| 105 | @ay z 000yy | |
| 200 | 1 | @aASP企业管理系统开发实例@AASP qi ye guan li xi tong kai fa shi li@f吴丽萍 … [等]编著 |
| 210 | @a北京@c清华大学出版社@d2005.5 | |
| 215 | @a401页@d26cm@e光盘1片 | |
| 304 | @a本书编著者为:吴丽萍、王涛、章仪等 | |
| 330 | @a本书精选企业中最常用的企业动态网站、人事管理系统、库存管理系统、业务管理系统、网络办公系统和网络会议系统6个应用系统的开发案例,详细介绍每一系统的需求分析、功能分析、数据库设计和页面代码设计等。 | |
| 606 | 0 | @a互连网络@Ahu lian wang luo@x程序设计@x应用@x企业管理 |
| 606 | 0 | @a程序设计@Acheng xu she ji |
| 606 | 0 | @a企业管理@Aqi ye guan li |
| 610 | 0 | @aASP |
| 690 | @aF270.7@v4 | |
| 690 | @aTP393.4@v4 | |
| 701 | 0 | @a吴丽萍@Awu li ping@4编著 |
| 801 | 0 | @aCN@bSRXX@c20051207 |
| 905 | @a10447@dF270.7@eW820 | |
| ASP企业管理系统开发实例/吴丽萍 … [等]编著.-北京:清华大学出版社,2005.5 |
| 401页;26cm+光盘1片 |
| ISBN 7-302-10289-9:CNY39.00(含光盘) |
| 本书精选企业中最常用的企业动态网站、人事管理系统、库存管理系统、业务管理系统、网络办公系统和网络会议系统6个应用系统的开发案例,详细介绍每一系统的需求分析、功能分析、数据库设计和页面代码设计等。 |
| ● |
| 相关链接 |
|
|
|
正题名:ASP企业管理系统开发实例
索取号:F270.7/W820
 
预约/预借
| 序号 | 登录号 | 条形码 | 馆藏地/架位号 | 状态 | 备注 |
| 1 | 546738 | 205467387 | 社科库409/409社科库 86排4列2层/ [索取号:F270.7/W820] | 在馆 | |
| 2 | 546739 | 205467396 | 社科库409/409社科库 86排4列2层/ [索取号:F270.7/W820] | 在馆 | |
| 3 | 546740 | 205467403 | 社科库409/409社科库 86排4列2层/ [索取号:F270.7/W820] | 在馆 |